Datum a čas kvízu
26
Celkem bodů
Celkový počet nahraných bodů na tomto kvízu bez doplňovacích otázek.
8.
Pořadí na kvízu
Konečné umístění týmu na tomto kvízu.
Zaznamenané odpovědi
| # | Otázka | Odpověď | Body | Výsledky |
|---|---|---|---|---|
| 1. | Kterými slovy ukončila Markéta... | D | 0 | |
| 2. | Georgio Loiseau, starosta fran... | štěkání psů | 1 | |
| 3. | Jak se nazývá snímek, který zí... | Oppenheimer | 1 | |
| 4. | Roční míra inflace v jisté zem... | Argentina | 0 | |
| 5. | Na letošním ročníku Dakaru zau... | Kachna | 0 | |
| 6. | Čeština má celkem 3 gramatické... | 14 | 1 | |
| 7. | Přiřaďte ke každému slovu jeho... | 1C 2A 3D 4B | 1 | |
| 8. | Dva gramatické rody můžeme při... | káně | 1 | |
| 9. | V minulé otázce jsme se ptali... | zombie | 1 | |
| 10. | Začátkem roku 2023 byla Ústave... | hranolka, hranolek | 1 |